<?xml version="1.0" encoding="UTF-8"?>
<record
    xmlns:xsi="http://www.w3.org/2001/XMLSchema-instance"
    xsi:schemaLocation="http://www.loc.gov/MARC21/slim http://www.loc.gov/standards/marcxml/schema/MARC21slim.xsd"
    xmlns="http://www.loc.gov/MARC21/slim">

  <leader>01659cam a22002774a 4500</leader>
  <controlfield tag="001">15393901</controlfield>
  <controlfield tag="005">20210414113927.0</controlfield>
  <controlfield tag="008">080802s2008    enk      b    001 0 eng  </controlfield>
  <datafield tag="010" ind1=" " ind2=" ">
    <subfield code="a">  2008276201</subfield>
  </datafield>
  <datafield tag="020" ind1=" " ind2=" ">
    <subfield code="a">9780199233519 (pbk. : alk. paper)</subfield>
  </datafield>
  <datafield tag="040" ind1=" " ind2=" ">
    <subfield code="a">DLC</subfield>
    <subfield code="c">DLC</subfield>
  </datafield>
  <datafield tag="043" ind1=" " ind2=" ">
    <subfield code="a">e-uk-en</subfield>
    <subfield code="a">e-uk-wl</subfield>
  </datafield>
  <datafield tag="050" ind1="0" ind2="0">
    <subfield code="a">KD1554.P66</subfield>
  </datafield>
  <datafield tag="100" ind1="1" ind2=" ">
    <subfield code="a">Poole, Jill.</subfield>
  </datafield>
  <datafield tag="245" ind1="1" ind2="0">
    <subfield code="a">Textbook on contract law. /</subfield>
    <subfield code="c">Jill Poole.</subfield>
  </datafield>
  <datafield tag="250" ind1=" " ind2=" ">
    <subfield code="a">9th ed.</subfield>
  </datafield>
  <datafield tag="260" ind1=" " ind2=" ">
    <subfield code="a">Oxford ;</subfield>
    <subfield code="a">New York :</subfield>
    <subfield code="b">Oxford University Press,</subfield>
    <subfield code="c">c2008.</subfield>
  </datafield>
  <datafield tag="300" ind1=" " ind2=" ">
    <subfield code="a">xlviii, 667 p. </subfield>
    <subfield code="c">25 cm.</subfield>
    <subfield code="b">ill</subfield>
  </datafield>
  <datafield tag="500" ind1=" " ind2=" ">
    <subfield code="a">10th ed.- cataloged as a serial in LC.</subfield>
    <subfield code="5">DLC</subfield>
  </datafield>
  <datafield tag="505" ind1="0" ind2=" ">
    <subfield code="a">Introduction to the law of contract -- Agreement -- Agreement problems -- Consideration, promissory estoppel, and form -- Intention to create legal relations -- Content of the contract and principles of interpretation -- Exemption clauses and unfair contract terms -- Discharge by performance, agreement, and breach -- Damages for breach of contract -- Remedies providing for specific relief and restitutionary remedies -- Privity of contract and third party rights -- Discharge by frustration : subsequent impossibility -- Non-agreement mistake -- Misrepresentation -- Duress, undue influence, and unconscionable bargains -- Illegality and capacity to contract.</subfield>
  </datafield>
  <datafield tag="650" ind1=" " ind2="0">
    <subfield code="a">Contracts</subfield>
    <subfield code="z">England.</subfield>
  </datafield>
  <datafield tag="650" ind1=" " ind2="0">
    <subfield code="a">Contracts</subfield>
    <subfield code="z">Wales.</subfield>
  </datafield>
  <datafield tag="906" ind1=" " ind2=" ">
    <subfield code="a">7</subfield>
    <subfield code="b">cbc</subfield>
    <subfield code="c">origcop</subfield>
    <subfield code="d">2</subfield>
    <subfield code="e">ncip</subfield>
    <subfield code="f">20</subfield>
    <subfield code="g">y-gencatlg</subfield>
  </datafield>
  <datafield tag="942" ind1=" " ind2=" ">
    <subfield code="2">lcc</subfield>
    <subfield code="c">BK</subfield>
  </datafield>
  <datafield tag="999" ind1=" " ind2=" ">
    <subfield code="c">724</subfield>
    <subfield code="d">8224</subfield>
  </datafield>
  <datafield tag="952" ind1=" " ind2=" ">
    <subfield code="0">0</subfield>
    <subfield code="1">0</subfield>
    <subfield code="2">lcc</subfield>
    <subfield code="4">0</subfield>
    <subfield code="7">0</subfield>
    <subfield code="a">WIUC-1</subfield>
    <subfield code="b">WIUC-1</subfield>
    <subfield code="c">GEN</subfield>
    <subfield code="d">2012-04-19</subfield>
    <subfield code="l">0</subfield>
    <subfield code="o">KD1554.P66</subfield>
    <subfield code="p">1784/12</subfield>
    <subfield code="r">2012-04-19 00:00:00</subfield>
    <subfield code="t">1</subfield>
    <subfield code="w">2012-04-19</subfield>
    <subfield code="y">BK</subfield>
  </datafield>
  <datafield tag="952" ind1=" " ind2=" ">
    <subfield code="0">0</subfield>
    <subfield code="1">0</subfield>
    <subfield code="2">lcc</subfield>
    <subfield code="4">0</subfield>
    <subfield code="7">0</subfield>
    <subfield code="a">WIUC-1</subfield>
    <subfield code="b">WIUC-1</subfield>
    <subfield code="c">GEN</subfield>
    <subfield code="d">2012-04-19</subfield>
    <subfield code="l">0</subfield>
    <subfield code="o">KD1554.P661</subfield>
    <subfield code="p">1785/12</subfield>
    <subfield code="r">2012-04-19 00:00:00</subfield>
    <subfield code="t">2</subfield>
    <subfield code="w">2012-04-19</subfield>
    <subfield code="y">BK</subfield>
  </datafield>
  <datafield tag="952" ind1=" " ind2=" ">
    <subfield code="0">0</subfield>
    <subfield code="1">0</subfield>
    <subfield code="2">lcc</subfield>
    <subfield code="4">0</subfield>
    <subfield code="7">0</subfield>
    <subfield code="a">WIUC-1</subfield>
    <subfield code="b">WIUC-1</subfield>
    <subfield code="c">GEN</subfield>
    <subfield code="d">2012-04-19</subfield>
    <subfield code="l">0</subfield>
    <subfield code="o">KD1554.P662</subfield>
    <subfield code="p">1786/12</subfield>
    <subfield code="r">2012-04-19 00:00:00</subfield>
    <subfield code="t">3</subfield>
    <subfield code="w">2012-04-19</subfield>
    <subfield code="y">BK</subfield>
  </datafield>
  <datafield tag="952" ind1=" " ind2=" ">
    <subfield code="0">0</subfield>
    <subfield code="1">0</subfield>
    <subfield code="2">lcc</subfield>
    <subfield code="4">0</subfield>
    <subfield code="7">0</subfield>
    <subfield code="a">WIUC-1</subfield>
    <subfield code="b">WIUC-1</subfield>
    <subfield code="c">GEN</subfield>
    <subfield code="d">2012-04-19</subfield>
    <subfield code="l">0</subfield>
    <subfield code="o">KD1554.P663</subfield>
    <subfield code="p">1787/12</subfield>
    <subfield code="r">2012-04-19 00:00:00</subfield>
    <subfield code="t">4</subfield>
    <subfield code="w">2012-04-19</subfield>
    <subfield code="y">BK</subfield>
  </datafield>
</record>
